Success of Visegrad Group Countries in the Field of Labour Market
Vývoj miery nezamestnanosti v krajinách V4 v období rokov 2000-2016. Vplyv Európskej únie a krízy na mieru nezamestnanosti.
Salvato in:
| Autore principale: | |
|---|---|
| Altri autori: | |
| Natura: | Capitolo di libro |
| Lingua: | inglese |
| Soggetti: | |
| Tags: |
Nessun Tag, puoi essere il primo ad aggiungerne!!
|
MARC
| LEADER | 00000naa$a2200000$$$4500 | ||
|---|---|---|---|
| 001 | 0247744 | ||
| 005 | 20240502083701.1 | ||
| 041 | 0 | |a eng | |
| 044 | |a RO | ||
| 245 | 1 | 0 | |a Success of Visegrad Group Countries in the Field of Labour Market |c Silvia Megyesiová, Anna Rozkošová |
| 520 | |a Vývoj miery nezamestnanosti v krajinách V4 v období rokov 2000-2016. Vplyv Európskej únie a krízy na mieru nezamestnanosti. | ||
| 610 | 2 | 0 | |a miera nezamestnanosti |
| 610 | 2 | 0 | |a nezamestnaní |
| 610 | 2 | 0 | |a konvergencia |
| 610 | 2 | 0 | |a Vyšehradská štvorka |
| 610 | 2 | 0 | |a Európska únia |
| 610 | 2 | 0 | |a Európske spoločenstvá |
| 610 | 2 | 0 | |a výskum práce |
| 100 | 1 | |a Megyesiová, Silvia, 1969- | |
| 700 | 1 | |a Rozkošová, Anna | |